| 000 | 00639nam a22001937a 4500 | ||
|---|---|---|---|
| 082 |
_a297.1229 _bYOU |
||
| 100 |
_aSharaf lnovi Aldmshqui bin Abu Zakria Yahya _947219 |
||
| 245 |
_aریاض الصالحین للنووی _cAbu Zakria Yahya bin Sharaf lnovi Aldmshqui |
||
| 250 | _aVol-I & II | ||
| 260 |
_aLahore, _bDarulsalam, _c1997. |
||
| 300 | _a759 p.:1413 pages, | ||
| 526 |
_a0 _b0 _c0 _d297_122900000000000_YOU |
||
| 526 |
_a0 _b0 _c0 _d297_122900000000000_YOU |
||
| 526 |
_a0 _b0 _c0 _d297_122900000000000_YOU |
||
| 650 |
_aAlhadeet _947220 |
||
| 650 |
_aMCE _9379 |
||
| 700 |
_aYousaf, Hafiz Salahhuddin _947221 |
||
| 942 |
_2ddc _cBK |
||
| 999 |
_c550513 _d550513 |
||